|
|
|
|
| LEADER |
00000nas a2200000 i 4500 |
| 001 |
ssj0003031 |
| 003 |
WaSeSS |
| 005 |
20200512172242.0 |
| 006 |
m d |
| 007 |
cr n |
| 008 |
030820c19749999dcusr pss 0 a0eng c |
| 010 |
|
|
|a 2003263065
|
| 015 |
|
|
|a GBB350397
|2 bnb
|
| 016 |
7 |
|
|a 016324160
|2 Uk
|
| 022 |
|
|
|a 1944-8007
|l 0094-8276
|y 0094-8276
|
| 035 |
|
|
|a (WaSeSS)ssj0003031
|
| 037 |
|
|
|b AGU, 2000 Florida Avenue, N.W., Washington, DC 20009, USA
|
| 040 |
|
|
|a AMH
|b eng
|e pn
|c AMH
|d TXA
|d OCLCQ
|d LVB
|d DLC
|d CIT
|d OCLCQ
|d OCLCF
|d OCLCO
|d OCLCQ
|d DLC
|d OCLCQ
|d AU@
|d UKMGB
|d OCLCQ
|d VT2
|d WaSeSS
|
| 042 |
|
|
|a pcc
|a nsdp
|
| 050 |
0 |
0 |
|a QE500
|
| 082 |
1 |
0 |
|a 551
|2 14
|
| 130 |
0 |
|
|a Geophysical research letters (Online)
|
| 210 |
0 |
|
|a Geophys. res. lett.
|b (Online)
|
| 222 |
|
0 |
|a Geophysical research letters
|b (Online)
|
| 245 |
1 |
0 |
|a Geophysical research letters
|h [electronic resource].
|
| 260 |
|
|
|a Washington, D.C. :
|b American Geophysical Union,
|c 1974-
|
| 310 |
|
|
|a Semimonthly,
|b 1992-
|
| 321 |
|
|
|a Monthly,
|b -1991
|
| 362 |
1 |
|
|a Print began with Voume 1, issue 1 (May 1974).
|
| 506 |
|
|
|a License restrictions may limit access.
|
| 538 |
|
|
|a Mode of access: World Wide Web.
|
| 588 |
|
|
|a Description based on: Volume 1, issue 1 (May 1974); title from issue contents screen (American Geophysical Union website, viewed September 9, 2003).
|
| 588 |
|
|
|a Latest issue consulted: Volume 44, issue 16 (August 28, 2017), viewed September 14, 2017).
|
| 650 |
|
0 |
|a Geophysics
|v Periodicals.
|
| 650 |
|
0 |
|a Planets
|v Periodicals.
|
| 650 |
|
0 |
|a Lunar geology
|v Periodicals.
|
| 650 |
|
6 |
|a Géophysique
|v Périodiques.
|
| 650 |
|
6 |
|a Planètes
|v Périodiques.
|
| 650 |
|
6 |
|a Géologie lunaire
|v Périodiques.
|
| 650 |
|
7 |
|a Geophysics.
|2 fast
|0 (OCoLC)fst00941002
|
| 650 |
|
7 |
|a Lunar geology.
|2 fast
|0 (OCoLC)fst01003700
|
| 650 |
|
7 |
|a Planets.
|2 fast
|0 (OCoLC)fst01065127
|
| 655 |
|
0 |
|a Electronic journals.
|
| 710 |
2 |
|
|a American Geophysical Union.
|
| 776 |
0 |
8 |
|i Print version :
|t Geophysical research letters
|x 0094-8276
|w (DLC) 74646541
|w (OCoLC)1795290
|
| 850 |
|
|
|a DLC
|
| 856 |
4 |
0 |
|z Full text available from Research Library: 01/01/2009 to 12/15/2012
|u https://search.proquest.com/publication/54723
|